Azur Lane Ship Quiz - Iron Blood - Statistics

General Stats
  • This quiz has been taken 13 times
  • The average score is 52 of 91
Answer Stats
Rarity Shipgirl % Correct
SR Bismarck
100%
UR Bismarck Zwei
100%
SR Prinz Eugen
100%
SR Prinz Eugen μ
100%
Elite Admiral Hipper
91%
Elite Admiral Hipper μ
91%
Elite Z1
91%
Elite Z2
91%
Common Z21
91%
Elite Z25
91%
SR Blücher
82%
SR Tirpitz
82%
Rare Z18
82%
Rare Z19
82%
Common Z20
82%
Elite Z23
82%
Elite Z24
82%
Elite Z26
82%
Elite Z28
82%
Elite Z35
82%
Elite Z36
82%
SR Z46
82%
Elite Gneisenau
73%
SR Prinz Heinrich
73%
Elite Scharnhorst
73%
Elite Z11
73%
Elite Z13
73%
Elite Z16
73%
Elite Z43
73%
Elite Z9
73%
Elite Admiral Graf Spee
64%
Decisive Ägir
64%
Elite Deutschland
64%
Common Karlsruhe
64%
Common Köln
64%
Common Königsberg
64%
Rare Leipzig
64%
SR Magdeburg
64%
Elite Nürnberg
64%
Priority Roon
64%
SR Roon μ
64%
SR Seydlitz
64%
SR U-101
64%
SR U-96
64%
SR Z47
64%
UR Z52
64%
Priority August von Parseval
55%
SR Emden
55%
SR Graf Zeppelin
55%
Decisive Hindenburg
55%
Decisive Mecklenburg
55%
Priority Odin
55%
Elite Thüringen
55%
SR U-37
55%
UR Ulrich von Hutten
55%
Elite Elbe
45%
Elite Elbing
45%
Decisive Friedrich der Große
45%
UR Fritz Rumey
45%
SR Peter Strasser
45%
SR Prinz Adalbert
45%
Priority Prinz Rupprecht
45%
SR Regensburg
45%
SR U-47
45%
SR U-552
45%
Elite U-556
45%
Elite U-73
45%
SR U-81
45%
Priority Felix Schultz
36%
Elite Jade
36%
SR Lützow
36%
Priority Mainz
36%
Elite U-110
36%
Elite U-410
36%
Elite Weser
36%
SR Admiral Zenker
27%
SR Brünhilde
27%
Elite U-1206
27%
Elite U-31
27%
Elite U-522
27%
Elite U-557
27%
Elite Yorck
27%
SR Alvitr
18%
SR Duisburg
18%
SR Friedrich Carl
18%
Elite Little Friedrich
18%
Elite Little Spee
18%
Elite Zeppy
18%
Elite Little Ägir
9%
Elite Little Prinz Eugen
9%
SR Otto von Alvensleben
9%
No matching quizzes found
Score Distribution
Percent of People with Each Score
Percentile by Number Answered
Your Score History
You have not taken this quiz